000 01914nab a2200289 a 4500
005 20210219162856.0
008 991125s1985 mx 000 0 spa u
035 _aUPN01000212328
049 _aART
100 1 _aMora Rivera, José Jorge
100 1 _uJjmora@itesm.mx
100 1 _aArellano González, Jesús
100 1 _uJarellanog@ucdavis.edu
222 0 _aESTUDIOS FRONTERIZOS : REVISTA DE CIENCIAS SOCIALES Y HUMANIDADES
245 0 0 _aLas remesas como determinantes del gasto en las zonas rurales de México
260 _aMexicali, México
300 _a1-27
362 0 _a2016 Nueva época, volumen 17, número 33, enero-junio
520 3 _aEn este trabajo se presentan diferentes especificaciones empíricas para probar el impacto de las remesas nacionales e internacionales en los patrones de gasto de los hogares rurales mexicanos. Utilizando la Encuesta Nacional de Ingresos y Gastos de los Hogares de 1988 a 2012 se desarrolla un enfoque econométrico que considera la censura en distintas categorías de gasto y controla el efecto de las remesas a nivel hogar. Los resultados indican efectos significativos de las remesas internas y externas sobre los patrones de gasto de los hogares; estas fuentes de ingreso no son fungibles y remodelan la demanda de los hogares de forma independiente al ingreso total. Los efectos en cada categoría de gasto son diferentes por tipo de remesas. Las remesas internas estimulan en mayor medida categorías relacionadas con las inversiones en desarrollo humano, salud y educación; mientras que las remesas externas estimulan categorías relacionadas con inversiones en capital físico
653 0 _aREMESAS
653 0 _aHOGARES RURALES
653 0 _aMIGRACION
653 0 _aMEXICO
856 4 _uhttp://www.redalyc.org/articulo.oa?id=53043185009
856 4 _uhttp://ref.uabc.mx/ojs/index.php/ref/article/view/569/995
905 _aArticulo
999 _c184428
_d184428